Skip to content
VuFind
All Fields
Title
Author
Subject
Call Number
ISBN/ISSN
Tag
Find
Advanced
Memahami konsep pemasaran
Cite this
Print
Export Record
Export to RefWorks
Export to EndNoteWeb
Export to EndNote
Export to MARC
Memahami konsep pemasaran
Bibliographic Details
Format:
Book
Holdings
Description
Similar Items
Staff View
MARC
LEADER
00000cam a2200000 7i4500
001
0000008438
002
000009196
005
20000330.0
020
|a
0679701050
090
0
0
|a
658.802
|b
ZAI
245
0
0
|a
Memahami konsep pemasaran
999
|a
015742
|b
BUKU
|c
PINJAMAN
|e
PERPUSTAKAAN KOMUNITI PETALING JAYA
Similar Items
Memahami konsep pengurusan perniagaan
by: Syed Zamberi Ahmad
Published: (2008)
Memahami pemasaran digital = understanding digital marketing : strategi pemasaran untuk generasi digital
by: Ryan, Damian
Published: (2013)
Pemasaran : satu huraian mudah
by: Mohd. Said Othman
Published: (2007)
Pengurusan pemasaran
by: Zainal Abidin Mohd.Said
Published: (1992)
Asas pemasaran
by: Zafir Mohd Makhbul
Published: (2003)